| 000 | 00490nam a2200193Ia 4500 | ||
|---|---|---|---|
| 003 | 0100 | ||
| 008 | 130227s9999 xx 000 0 und d | ||
| 040 | _cARRUPELIB | ||
| 050 | _aBV3625.R53Z85 | ||
| 100 | _aZvobgo, Chengetai J.M. | ||
| 245 | 2 | _aA history of Christian missions in Zimbabwe, 1890-1939 | |
| 260 | _aGweru | ||
| 260 | _bMambo Press | ||
| 260 | _C1996 | ||
| 300 | _a412p. | ||
| 300 | _b 23 cm | ||
| 650 | _bLandscape- South Africa- Literacy collection | ||
| 942 |
_2lcc _04 |
||
| 999 |
_c403 _d403 |
||